[Event "Sochi FIDE GP"]
[Site "Sochi"]
[Date "2008.08.12"]
[Round "11"]
[White "Jakovenko, Dmitrij"]
[Black "Gashimov, Vugar"]
[Result "1-0"]
[WhiteElo "2709"]
[BlackElo "2717"]
[Annotator "Marin,M"]
[PlyCount "103"]
[EventDate "2008.07.31"]
[EventType "tourn"]
[EventRounds "13"]
[EventCountry "RUS"]
[EventCategory "19"]
[SourceTitle "CBM 126"]
[Source "ChessBase"]
[SourceDate "2008.10.01"]
[SourceVersion "1"]
[SourceVersionDate "2008.10.01"]
[SourceQuality "1"]

1. d4 Nf6 2. c4 e6 3. Nf3 c5 4. d5 d6 5. Nc3 exd5 6. cxd5 g6 7. h3 Bg7 8. e4
O-O 9. Bd3 a6 10. a4 Re8 11. O-O Nbd7 12. Re1 b6 {Just as in the game against
Karjakin, Gashimov plays this move, although in slightly different
circumstances and with entirely different plans.} ({In the article published
in CBM 125, I examined the plan based on} 12... Qe7 {, when ...b6 is sometimes
useful at a slightly later stage.}) 13. Bf4 Qc7 14. Qd2 Bb7 {During the 50th
edition of the traditional Reggio Emilia tournament, I confessed to Vugar my
sincere admiration for his courage in playing the Benoni nowadays, as well as
for his ingeniosity and, not last, his excellent results. I remember him
mentioning the plan displayed in the present game and the name of Nakamura,
who once defended Black's point of view against strong opposition. Personally,
I have serious doubts about the merits of developing the bishop to b7. True,
the standard pawn break e5 is inhibited for a while, because it would leave
the d5-pawn weakened, but White can either prepare this break in a thorough
way or just switch to the alternate plan b4. In either case, the bishop is
doomed to passivity and so is Black. As a curiosity, I recently happened to
analyse a blocked position resulted from a hybrid between the KI and the BI. I
was shocked when one powerful engine suggested (in a rather normal position)
the manoeuvre ...Bd7-c8-b7-a8 as Black's second best line. Could it be that,
apart from providing doubtless help, computers tend to pervert our minds?!} 15.
Bc4 {This physical blockade of the c-pawn leaves Black without any active
moves.} ({However,} 15. Rad1 {is also OK for White.} c4 (15... Nh5 16. Bh2 Ne5
17. Nxe5 Bxe5 18. Bf1 (18. Bxe5 Rxe5 19. f4 $16) 18... Bxh2+ 19. Kxh2 Qe7 20.
g3 Ng7 21. Bg2 Qd7 22. f4 f6 23. e5 $36 {Russu,E (2184)-Valeanu,E (2347)/Amara
2007/CBM 117 ext (0-1, 38)}) 16. Bf1 Rad8 17. Qc2 Qc5 18. Nd2 Ne5 (18... b5 19.
axb5 axb5 20. b4 $1 $16) 19. Bxe5 Rxe5 20. Nxc4 Ree8 21. Rb1 Nd7 22. b4 Qc7 23.
Rec1 $16 {Rogozenko,D (2527)-Valeanu,E (2347)/Amara 2007/CBM 117 ext (1-0, 31)}
) 15... Nh5 16. Bh2 h6 {This move synthetises Black's "plan" in this variation:
he hopes that nothing bad will happen to him if he just stays and waits.
Eventually, White may get carried away by attacking dreams... However, chess
has not changed so much since our forefathers: space and time still mean a lot!
} (16... Ne5 17. Nxe5 Bxe5 18. Bxe5 Rxe5 19. f4 Ree8 20. e5 $16 dxe5 21. fxe5
Rxe5 22. d6 Rxe1+ 23. Rxe1 {[%cal Ge1e7]} Qc6 $6 24. Bd5 Qc8 25. Bxf7+ $1 $18)
17. Rad1 $16 {This natural developing move was recommended by me in the notes
to Nakamura's game. I was too modest then (+/=). Now, I believe that Black is
simply in big trouble.} (17. g4 $6 {There was no need to commit himself to
such concrete actions yet.} Nhf6 18. Rad1 h5 $1 {Onischuk,A (2650)-Nakamura,H 
(2644)/San Diego 2006/CBM 112/[Marin] (1/2-1/2, 65)}) 17... Kh7 18. Qc2 Re7 19.
Be2 {[%csl Rd6,Rh5][%cal Gf3d2,Gd2c4]} Kg8 20. Nd2 Nhf6 21. Nc4 {[%cal Gf2f4,
Ge4e5]} Ne8 {The position has changed a lot tin White's favour during the last
few moves.} 22. f4 Bd4+ 23. Kh1 Rd8 (23... Nef6 24. Bf3 Rae8 {fails to stop}
25. e5 $1 Qb8 (25... dxe5 $2 26. d6) 26. Nxd6 $5 (26. e6 $16) 26... Qxd6 $8 27.
Ne4 $1 (27. exd6 $2 Rxe1+ 28. Rxe1 Rxe1+ 29. Bg1 Bxg1 $19) 27... Qb8 28. exf6 {
[%csl Re7]} Bxf6 (28... Nxf6 29. Rxd4 $1 $18) 29. f5 $18) 24. Bf3 Qb8 25. Ne2 (
25. e5 $1 dxe5 26. fxe5 Nxe5 27. Re2 $3 $18 {/\Rxd4} (27. Rxd4 $2 Nxf3 $3))
25... Bg7 26. Nc3 b5 ({By avoiding repetition, Black is not playing for a win,
of course. He must have just realized how strong for White the line} 26... Bd4
27. e5 $16 {would be.}) 27. axb5 axb5 28. Nxb5 Bxd5 29. exd5 (29. Rxd5 Qxb5 30.
Red1 $16 {looks simpler.}) 29... Rxe1+ 30. Rxe1 Qxb5 31. f5 $16 {Black has
managed to get some activity, but White's attack is very strong.} Qb4 (31...
gxf5 32. Nxd6 Nxd6 33. Bxd6 Qxb2 34. Qxf5 $16) 32. Rf1 $2 ({The rook was more
useful on the e-file.} 32. Re2 $16) 32... g5 $1 33. Nxd6 Nxd6 34. Bxd6 Be5 $132
35. Bxe5 Nxe5 36. Qe2 Nxf3 37. Rxf3 c4 38. f6 Rxd5 $2 (38... Qb5 $132 39. Rc3 (
39. Re3 Qxd5 40. Re8+ Rxe8 41. Qxe8+ Kh7 42. Qf8 Kg6 $11) 39... Qxd5 40. Rxc4
Qd1+ 41. Qxd1 Rxd1+ 42. Kh2 Kh7 $11) 39. Re3 $3 $18 Rd8 40. Re8+ Rxe8 41. Qxe8+
Qf8 42. Qxf8+ Kxf8 43. Kg1 Ke8 44. Kf2 Kd7 45. Ke3 Ke6 46. Kd4 Kxf6 47. Kxc4
Ke6 48. b4 f5 49. b5 g4 (49... Kd6 50. b6 Kc6 51. Kd4 $18) 50. hxg4 fxg4 51.
Kd4 Kd6 52. Ke4 1-0

[Event "Corus-B"]
[Site "Wijk aan Zee"]
[Date "2009.01.30"]
[Round "11"]
[White "Mecking, Henrique"]
[Black "Kasimdzhanov, Rustam"]
[Result "0-1"]
[WhiteElo "2567"]
[BlackElo "2687"]
[Annotator "Marin,M"]
[PlyCount "180"]
[EventDate "2009.01.17"]
[EventType "tourn"]
[EventRounds "13"]
[EventCountry "NED"]
[EventCategory "16"]
[SourceTitle "CBM 129"]
[Source "ChessBase"]
[SourceDate "2009.03.25"]
[SourceVersion "1"]
[SourceVersionDate "2009.03.25"]
[SourceQuality "1"]

1. d4 Nf6 2. c4 e6 3. Nf3 c5 4. d5 d6 5. Nc3 exd5 6. cxd5 g6 7. e4 a6 {This
has become a popular method to prevent White from getting the optimal setup
based on h3 and Bd3.} 8. Qe2 $5 {A slightly exotic move, designed and employed
with success by Epishin.} Bg4 ({Mecking had had some recent experience against
} 8... Bg7 9. e5 dxe5 10. Qxe5+ Kf8 11. Bf4 ({This is a new move. I have
investigated the alternatives in the notes to} 11. d6 {Harikrishna,P (2673)
-Cheparinov,I (2618)/Pamplona 2005/CBM 111/[Marin,M] (1/2, 37)}) 11... Nbd7 12.
Qc7 {This should not face Black with any problems, because after the exchange
of queens the black king feels more comfortable.} (12. Qe3 Kg8 13. Be2 b5 {
[%cal Gh7h6,Gg8h7,Gf6g4] is not entirely clear either.}) 12... Qe7+ $2 {
This is just asking for trouble.} (12... Qxc7 13. Bxc7 b5 14. O-O-O Bb7 $13)
13. Be2 Ne8 14. Qa5 b6 15. Qa3 Bb7 16. O-O h6 17. Rfe1 Qf6 18. Bg3 Nd6 19. Bd3
b5 $14 {/+/- Black has managed to establish a blockade, but needs several
tempi to get fully developed.} 20. Ne5 $6 {This move helps Black simplify the
position.} (20. Qa5 $5 {[%cal Ga5c7,Ga2a4]} Rc8 21. Rad1 Kg8 22. Bh4 g5 23. Bg3
$16 {Black has no obvious way to connect rooks, while White is fully mobilised.
}) 20... Nxe5 21. Bxe5 b4 22. Bxf6 (22. Qb3 Qd8 {[%cal Gg7e5,Gf8g7]}) 22...
bxa3 23. Bxg7+ Kxg7 24. bxa3 Rhe8 25. Kf1 c4 26. Bc2 Nb5 $2 {The idea is
correct, but the concrete form - rather careless.} (26... Rxe1+ $1 27. Kxe1 Nb5
$11) 27. Rxe8 Rxe8 28. Ba4 Rc8 $2 (28... Ra8 $5 $14 {would anticipate the move
recommended in the next comment.}) 29. Nxb5 $2 (29. Bxb5 $1 axb5 30. Rb1 {
[%csl Gc3]} Ba6 31. Ke2 $16 {[%cal Gb1b4,Ga3a4] The knight is stronger than
the bishop and White is a pawn up.}) 29... axb5 30. Bxb5 Bxd5 31. Rc1 c3 $11 {
Mecking,H (2567)-Leitao,R (2590)/Internet ICC 2008/CBM 127 Extra (1/2, 38)}) 9.
e5 dxe5 {Black refrains from the tempting exchange on f3, in order to avoid
the opening of the h3-c8 diagonal. In doing so, he took into account another
recent game by Mecking (see below).} ({Since my comments to the aforementioned
game Harikrishna-Cheparinov, there have been some developments after} 9... Bxf3
10. gxf3 dxe5 11. Qxe5+ Qe7 12. Qxe7+ (12. Bf4 Qxe5+ 13. Bxe5 Nbd7 14. f4 Bg7 (
14... Bh6 {[%csl Yf4]} 15. Bh3 O-O 16. O-O b5 17. Rad1 Ra7 18. Rfe1 $14 {
Rowson,J (2599)-Ward,C (2485)/Douglas 2005/CBM 107 ext (1-0, 50)}) 15. Bg2 Nxe5
$146 {This seems to be s strong novelty. White will not manage to connect his
pawns, because of the weakness of the f4-square.} (15... O-O 16. O-O Nh5 17.
Bd6 Rfe8 18. Bc7 Ra7 19. Rae1 $16 {Epishin,V (2599)-Kovacevic,S (2367)/Seville
2005/CBM 104 ext (1-0, 31)}) 16. fxe5 Nh5 17. O-O Nf4 18. Rae1 O-O-O 19. Re3
Rhe8 20. Rfe1 c4 21. Bf1 b5 $132 {Epishin,V (2527)-Degraeve,J (2551)/Bad
Wiessee 2006/EXT 2007 (1/2, 41). It is far from clear whether White's central
pawns are strong or weak.}) 12... Bxe7 13. Bh6 Bf8 14. Bg5 Bg7 15. O-O-O O-O
16. Bh3 Nbd7 17. Rhe1 c4 18. Bxd7 $6 {White gives up his active bishop for an
illusion.} (18. d6 Nc5 19. Bf1 b5 20. Ne4 $14) 18... Nxd7 19. Be7 Rfe8 20. d6
Bxc3 21. bxc3 f6 22. f4 Kf7 $132 {Mecking,H (2565)-Suba,M (2487)/Bazna 2008/
CBM 124 Extra (1/2, 71). White may have overestimated this position when
capturing on d7. In fact, the d6-pawn is likely to become weak and,
instinctively, I prefer Black already.}) 10. Qxe5+ Qe7 (10... Be7 $6 11. Bh6
Bxf3 12. gxf3 Nbd7 13. Qe3 Qc7 14. Bf4 $18 {Epishin,V (2610)-Gofshtein,L (2522)
/playchess.com INT 2004/CBM 099 ext (1-0, 28)}) 11. Qxe7+ {Mecking keeps
playing in the same way as against Suba, but, not having any special
perspectives for his light-squared bishop, he will not get anywhere.} ({
In the event of} 11. Bf4 {, apart from transposing above with 11...Bxf3, Black
could try} Nbd7 12. Qxe7+ Bxe7 13. O-O-O O-O-O 14. d6 {This is the only way to
question the viability of Black's plan, but it is double edged, because the
d6-pawn may become vulnerable.} (14. Be2 Nh5 15. Be3 Bd6 {Black is relatively
stable, because} 16. Ne4 {can be answered with} Bf4 $1 17. Rhe1 Rhe8 $132)
14... Bf8 15. Bc4 (15. Be2 {[%cal Gf3g5]} h6 16. h3 Be6 17. Rhe1 g5 18. Bh2 Bg7
$13) 15... Nh5 16. Bg5 (16. Be3 Bxf3 17. gxf3 Ne5 18. Bd5 Bxd6 19. Ne4 Be7 $13
20. Nxc5 $2 Bxc5 21. Bxc5 Nf4 $19 {[%cal Gf4d5,Gf4d3]}) 16... f6 17. Be3 Nb6
$13 {[%csl Gd6]}) 11... Bxe7 12. Bh6 Nbd7 13. O-O-O O-O-O 14. Be2 ({With the
bishop on h6,} 14. d6 Bf8 {would promise White even less. The d6-pawn risks
becoming vulnerable.}) 14... Bd6 $11 {Black has achieved a comfortable
blockade. Although the position looks more or less equal, in the long run it
may offer Black better chances, especially in the event of simplifications.}
15. h3 Bxf3 16. Bxf3 Kc7 17. a4 Rhe8 18. Rhe1 Rxe1 19. Rxe1 Ne5 20. Be2 Re8 21.
Rd1 Ned7 22. Be3 Ne4 23. Nxe4 Rxe4 24. b3 Bf4 25. Bxf4+ Rxf4 26. d6+ Kd8 27.
Bf3 b6 28. Re1 c4 29. b4 Rf6 30. Bb7 a5 31. bxa5 bxa5 32. Bc6 Rxd6 33. Bb5 Rd4
34. Kc2 Nb6 35. Re8+ Kc7 36. Re7+ Kd6 37. Rxf7 Nd5 38. Rxh7 c3 39. Rd7+ Kc5 40.
Rxd5+ Rxd5 41. Kxc3 Rd4 42. g3 g5 43. Be8 Rd8 44. Bh5 Rd6 45. Be2 Rf6 46. f3
Rd6 47. Bb5 Rd1 48. h4 gxh4 49. gxh4 Rh1 50. Kd3 Rxh4 51. Ke3 Kd5 52. f4 Rh3+
53. Kd2 Rf3 54. Kc2 Kd4 55. f5 Rxf5 {I have extensively examined this type of
ending in my comments for Chessbase.com, to the game Radjabov,T (2735)-Van
Wely,L (2681)/Wijk aan Zee 2008/[Mihail Marin] (1/2, 85).} 56. Kb2 $4 {
Instinctively, it may seem logical to keep the king close to the pawn, but not
that close! The proximity of the corner will offer Black mating ideas. It is
strange that such a great player of the old school did not remember (or simply
know) this simple detail. It remains beyond any doubt that Fischer, the man
whome Mecking considered to be his main rival in the Occidental world, would
indicate the correct defensive method even when sleeping.} (56. Kd2 $11) 56...
Rc5 57. Kb3 Ke3 58. Kb2 Kd2 59. Be8 Rc4 60. Bd7 Rb4+ 61. Ka2 Kc3 62. Be6 Rxa4+
63. Kb1 Re4 64. Bf7 Rf4 65. Bg8 Rf2 66. Bd5 Kb4 67. Bg8 Ka3 68. Bd5 Rb2+ 69.
Ka1 Rd2 70. Be4 Ra2+ 71. Kb1 Re2 72. Bd5 Re1+ 73. Kc2 Re5 74. Bf7 Rb5 75. Be6
Rb2+ 76. Kc1 Rb6 77. Bf7 Rb7 78. Bd5 Rb8 79. Be6 Rb2 80. Bf7 Rb6 81. Kc2 Ka4
82. Bh5 Rf6 83. Bg4 Kb4 84. Bd7 a4 85. Bg4 a3 86. Kb1 Rf1+ 87. Ka2 Rf2+ 88. Ka1
a2 89. Be2 Ka3 90. Bc4 Rc2 0-1

[Event "Corus-B"]
[Site "Wijk aan Zee"]
[Date "2006.01.14"]
[Round "1"]
[White "Vescovi, Giovanni P"]
[Black "Jobava, Baadur"]
[Result "1-0"]
[WhiteElo "2633"]
[BlackElo "2614"]
[Annotator "Marin,M"]
[PlyCount "97"]
[EventDate "2006.01.14"]
[EventType "tourn"]
[EventRounds "13"]
[EventCountry "NED"]
[EventCategory "15"]
[SourceTitle "CBM 111"]
[Source "ChessBase"]
[SourceDate "2006.04.04"]
[SourceVersion "1"]
[SourceVersionDate "2006.04.04"]
[SourceQuality "1"]

1. d4 Nf6 2. c4 e6 3. Nc3 c5 4. d5 exd5 5. cxd5 d6 6. e4 g6 7. h3 Bg7 8. Nf3
O-O 9. Bd3 b5 10. Nxb5 Re8 11. Nd2 Nxe4 12. Bxe4 Ba6 13. a4 Qa5 14. Nxd6 Nd7 {
An almost forgotten tabyia, which 15 years ago used to arise via the 10...Nxe4
move order. Black sacrifices an important amount of material in order to
prevent the white king fromreaching safety.} 15. Qc2 f5 16. Nxe8 Rxe8 17. Kd1
fxe4 18. Nxe4 (18. Ra3 Bd3 {0-1 Van Wely,L (2605)-Topalov,V (2740)/Wijk aan
Zee 1998/CBM 063/[Kapengut] (48)}) 18... c4 $5 $146 {This move was suggested
by Stohl in the notes to the aforementioned game Van Wely-Topalov, without any
further coments.} (18... Qb4 19. f3 (19. Re1 Qd4+ 20. Nd2 Rxe1+ 21. Kxe1 Ne5
22. Ra3 Nd3+ 23. Rxd3 Bxd3 $19) (19. Nc3 Ne5 $40) 19... Re5 $5 (19... Qd4+ 20.
Qd2 Bd3 21. Ra3 c4 22. Re1 Rb8 23. Re3 {/\ Rd3} Bh6 24. Rexd3 cxd3 25. Qxh6 $16
) 20. Bd2 $5 (20. Nc3 Qd4+ 21. Qd2 Bd3 {/\ Re8, c4, Ne5 ' /\Re8,c4,Nc5-b3~/= /
\ Re8, c4, Ne5'} 22. Re1 Bh6 $8 23. f4 $8 (23. Qxh6 $2 Rxe1+ 24. Kxe1 Qg1+ 25.
Kd2 Qf2+ 26. Kxd3 Ne5+ 27. Ke4 Qd4#) 23... Bxf4 24. Qxf4 Be2+ $1 $11 {Lokotar,
E-Marin,M (2475)/Vosu 1989 '1/2-1/2 Lokotar,E-Marin,M,Vosu 48/115 1989'}) 20...
Rxd5 (20... Qd4 21. Ra3 Rxd5 22. Qc3 $16 {Lokotar}) 21. Kc1 Qb8 22. Ra3 Ne5 (
22... c4 23. Rd1 Ne5 24. Bc3 Nd3+ 25. Kb1 $16 {Lokotar,E}) 23. Rb3 $1 Qf8 24.
Kb1 $16 {Lokotar,E-Maidla,V/Tallinn 1991}) 19. Nc3 {White's desire to get some
compensation for losing his central pawn (such as the dissapearance of the
g7-bishop) is quite understandable, especially when facing a novelty.} ({
Judging by Black's further inacuracies, as well as from Fritz' tendency to
overestimate Black's chances after the game continuation, I would suspect that
Jobava focused his home analysis on} 19. f3 Qxd5+ 20. Qd2 Qb7 {with obvious
compensation for Black.}) 19... Bxc3 20. Qxc3 (20. bxc3 {needs further testing.
White's decision to occupy the long dark diagonal is perfectly understandable
and will eventually bring him success, but only because Black failed to take
advantage of the exposed position of the queen.}) 20... Qxd5+ 21. Bd2 (21. Qd2
$2 {is very passive and leads otrouble after} Qxg2 {for instance} 22. Re1 Qf3+
23. Kc2 (23. Re2 c3 $1 $19) 23... Rxe1 24. Qxe1 Qd3#) 21... Nc5 22. Re1 Rxe1+
$6 ({Black could get at least equality with} 22... Ne4 $1 {when after} 23. Rxe4
$8 Qxe4 {White would have problems defending the opposite wings simultaneously.
The lesser evil seems to be} 24. Qf3 (24. f3 Qe2+ 25. Kc2 Qxg2 $15) (24. Qg3 $2
{would be strongly met by} c3 $1 {opening the c-file and the f1-a6 diagonal
for attack.}) {when it would be Black to choose whether to continue playing
for an attack or simplify to a draw with} 24... Qxf3+ 25. gxf3 $11) 23. Kxe1
Qxg2 24. Bh6 Nd3+ (24... Qh1+ 25. Ke2 Qe4+ 26. Be3 Bb7 27. Rg1 $1 $14 {This
looks to be the only way to maintain the tension by preventing an immediate
draw by perpetual. The position remains complicated, but White's material
advantage is quite consistent.} (27. b4 cxb3 28. Qxc5 b2 $11) (27. Rd1 Qf3+ 28.
Ke1 Qh1+ 29. Kd2 Ne4+ 30. Kc2 Qxd1+ $11)) 25. Kd1 Qf1+ $6 (25... Qf3+ $6 26.
Kc2 Qe2+ 27. Qd2 $1 (27. Bd2 Qe4) 27... Qe5 28. Kb1 Bc8 29. Qc3 $16) ({Black's
best practical chance consisted of} 25... Nxf2+ 26. Kc1 Nd3+ 27. Kb1 Qb7 {
[%csl Ra1] when White would still have some troubles activating his rook}) 26.
Kc2 Nb4+ {This was what Black relied on, but there will be no perpetual for
him.} 27. Qxb4 Qd3+ 28. Kc1 Qf1+ 29. Kc2 Qd3+ 30. Kc1 Qf1+ 31. Kd2 Qxf2+ 32.
Kd1 Qf3+ 33. Ke1 Qg3+ 34. Ke2 Qg2+ 35. Ke3 Qxh3+ 36. Kd4 Qxh6 37. Qb8+ Qf8 38.
Qxf8+ Kxf8 39. Ke5 $18 {In spite of approximate material equality, Black's
pieces are too passive to put up efficient resistance.} Ke7 40. Rd1 Bc8 41. Rd4
c3 42. bxc3 Bd7 43. a5 g5 44. Rd6 Bb5 45. Rh6 Bd3 46. Rh5 g4 47. Rh4 Kd7 48.
Rxg4 Kc6 49. Rg7 1-0